01152nam a2200217 a 4500008004100000020001500041050001800056100001900074245004300093260007500136300002100211350000900232490006500241650001100306650002800317995014700345995017100492999001700663952012000680952013400800060705s2005 ||||||||||||||||| || u a9991663169 aQK 720.Z3 Phi aPhiri, P. S. M12aA checklist of Zambian vascular plants aPretoria:bSouthern African Botanical Diversity Network(SABONET)c2005 axii, 169p.: ill. a0.00 aSouthern African Botannical Diversity Network report, no. 32 aBOTANY aVASCULAR PLANTS--ZAMBIA aSPECIAL COLLECTIONSD0.00e737145FCBU-MAIN LIBRARY (Kitwe)H1I0.00jZAM QK 720.Z3 PhiM1UAVAILABLEWJul 5, 2006y41880ZZambiana Collection aMAIN LIBRARY OPEN ACCESSD105000.00e739024FCBU-MAIN LIBRARY (Kitwe)H1I0.00jQK 720.Z3 PhiM2UAVAILABLEWDec 15, 2008y739024ZMain Library Open Access Collection c78162d78162 00102lcc4070a001b001cZambiana Collectiond2023-05-03l0oZM QK 720.Z3 Phip41880r2023-05-03w2023-05-03y023 00102lcc4070a001b001cMain Library Open Access Collectiond2023-05-03l0oQK 720.Z3 Phip739024r2023-05-03w2023-05-03y002